000 00530nam a22001817a 4500
005 20251108172636.0
008 250721s2000 xx 000 0 ara d
082 1 4 _a720,284/قضا
100 1 _aالقضاة، فواز
245 1 0 _aالظل و المنظور الهندسي /
264 1 _aعمان :
_bدار مجدلاوي للنشر،
_c2000.
300 _a216 ص
650 1 7 _aالهندسة المعمارية
650 1 7 _aالرسوم الهندسية
650 1 7 _aالظل
942 _2ddc
_cBK
999 _c84764
_d84764